LEADER 01137nam a2200253 i 4500 001 000000157340 003 CaOOAMICUS 005 20070105000000.0 008 070105s1977 it u000 u ita u 013 $a134696 040 $aSeMil$bita 245 12$aL'opera completa del Beccafumi /$cPresentazione di Giuliano Briganti ; Apparati critici e filologici di Edi Baccheschi. 260 $aMilano :$bRizzoli,$ccopyr. 1977. 300 $a116 p. :$bill. ;$c31 cm. 490 0 $aClassici dell'arte. Nuova serie ;$v90 500 $aContiene : Bibliografia essenziale. 600 04$aBeccafumi .$0(OLS)http://semarc/subject/21354 700 1 $aBaccheschi, Edi.$0(OLS)http://semarc/name/44094 700 1 $aBriganti, Giuliano.$0(OLS)http://semarc/name/34943 830 0$aClassici dell'arte. Nuova serie ;$v90.$0(OLS)http://semarc/title/18471 850 $aSeMil 852 $aSeMil$W1$xVenegono$y1$m5M XI 22$j109026$B109026$CSeMilBibl$Z2$F118550 $81 996 $6245$aL'opera completa del Beccafumi$9(OLS)http://semarc/title/230706 996 $6260$aMilano :$bRizzoli$9(OLS)http://semarc/publisher/29824 LEADER 01106nam a2200229 i 4500 001 000000247640 003 CaOOAMICUS 005 20160127000000.0 008 160127s1867 it u000 u ita u 013 $a226545 040 $aSeMil$bita 100 1 $aBoero, Giuseppe .$0(OLS)http://semarc/name/15906 245 10$aRelazione della gloriosa morte di ducento e cinque beati martiri nel Giappone /$ccompilata dal p. Giuseppe Boero. 260 $aRoma :$bCoi tipi della Civiltà Cattolica,$c1867. 300 $a231 p. ;$c24 cm. 650 4$aGesuiti - Missioni - Giappone - Sec. 16.$0(OLS)http://semarc/subject/4135 650 4$aMartiri cristiani.$0(OLS)http://semarc/subject/1590 650 4$aMartiri cristiani - Giappone.$0(OLS)http://semarc/subject/5964 850 $aSeMil 852 $aSeMil$W1$xVenegono$y1$m3H IV 77 FA$j197986$B197986$CSeMilBibl$Z2$F209236 $8I 996 $6245$aRelazione della gloriosa morte di ducento e cinque beati martiri nel Giappone$9(OLS)http://semarc/title/349648 996 $6260$aRoma :$bCoi tipi della Civiltà Cattolica$9(OLS)http://semarc/publisher/37742